Skutočnosť a hodnoty (päť pohľadov na ekonomickú krízu)
Salvato in:
| Autore principale: | |
|---|---|
| Altri autori: | , , , |
| Natura: | Libro |
| Lingua: | slovacco ceco |
| Pubblicazione: |
Prešov
Vysoká škola medzinárodného podnikania
2010
|
| Soggetti: | |
| Tags: |
Nessun Tag, puoi essere il primo ad aggiungerne!!
|
MARC
| LEADER | 00000nam a2200000 4500 | ||
|---|---|---|---|
| 001 | 0148551 | ||
| 005 | 20221014083738.1 | ||
| 020 | |a 978-80-89372-21-8 | ||
| 041 | 0 | |a slo | |
| 041 | 0 | |a cze | |
| 044 | |a SK | ||
| 245 | 1 | 0 | |a Skutočnosť a hodnoty |b (päť pohľadov na ekonomickú krízu) |c Marek Pribula ... [et al.] |
| 264 | 1 | |a Prešov |b Vysoká škola medzinárodného podnikania |c 2010 | |
| 300 | |a 159 s. | ||
| 610 | 2 | 0 | |a kríza hospodárska |
| 610 | 2 | 0 | |a globalizácia |
| 610 | 2 | 0 | |a konkurencieschopnosť |
| 610 | 2 | 0 | |a inštitucionalizmus |
| 610 | 2 | 0 | |a kríza finančná |
| 610 | 2 | 0 | |a regulácia |
| 610 | 2 | 0 | |a dohľad nad finančným trhom |
| 610 | 2 | 0 | |a prognózy |
| 100 | 1 | |a Pribula, Marek | |
| 700 | 1 | |a Šikula, Milan | |
| 700 | 1 | |a Žák, Milan | |
| 700 | 1 | |a Polouček, Stanislav | |
| 700 | 1 | |a Veber, Jaromír | |